Energetické náklady a ich dopad na konkurencieschopnosť energeticky náročných odvetví

Vzťahy medzi vývojom cien energetických nosičov a konkurencieschopnosťou priemyselných odvetví EÚ. Prostredníctvom historickej metódy a metódy analýzy skúmaný vývoj cien komodít a ich dopad na energetickú efektívnosť ako aj export hlavných svetových exportérov.

Saved in:
Bibliographic Details
Main Author: Bayer, Juraj
Format: Book Chapter
Language:Slovak
Subjects:
Tags: Add Tag
No Tags, Be the first to tag this record!

MARC

LEADER 00000nla a2200000 4500
001 0241270
005 20240502073927.7
041 0 |a slo 
044 |a SK 
245 1 0 |a Energetické náklady a ich dopad na konkurencieschopnosť energeticky náročných odvetví  |c Juraj Bayer 
520 |a Vzťahy medzi vývojom cien energetických nosičov a konkurencieschopnosťou priemyselných odvetví EÚ. Prostredníctvom historickej metódy a metódy analýzy skúmaný vývoj cien komodít a ich dopad na energetickú efektívnosť ako aj export hlavných svetových exportérov. 
610 2 0 |a energetika 
610 2 0 |a energia 
610 2 0 |a náklady 
610 2 0 |a konkurencieschopnosť 
610 2 0 |a odvetvia priemyselné 
610 2 0 |a priemysel 
610 2 0 |a vývoz 
610 2 0 |a ceny konkurenčné 
100 1 |a Bayer, Juraj